| 000 | 00704nam a2200229 a 4500 | ||
|---|---|---|---|
| 003 | OSt | ||
| 005 | 20150317091510.0 | ||
| 008 | 861120s1985 nq a 000 0 spa | ||
| 010 | _a 86225578 | ||
| 040 | _cBMC | ||
| 082 | _a863.99225 | ||
| 082 | _a972.85051 | ||
| 100 | 1 |
_aSelva, Salomón de la _d1893-1959 _930731 |
|
| 245 | 1 | 3 |
_aLa guerra de Sandino, o, Pueblo desnudo _cSalomón de la Selva |
| 260 |
_aManagua, Nicaragua _bNueva Nicaragua _c1985 |
||
| 300 |
_a122 p. _bil. _c18 cm |
||
| 490 |
_aBiblioteca popular sandinista _v22 |
||
| 500 | _aEdición póstuma | ||
| 650 | 2 | 4 |
_930194 _aNovela nicaragüense |
| 651 | 2 | 4 |
_aNicaragua _xHistoria _y1926-1929 (Revolución) _928684 |
| 942 |
_2ddc _cBK |
||
| 999 |
_c18443 _d18443 |
||